|
|
|
|
| LEADER |
00000nab a2200000uu 4500 |
| 001 |
vtls012231991 |
| 005 |
20260410144851.0 |
| 008 |
230609|2013 xo |||||||||||||||||slo| |
| 015 |
|
|
|a SNBRB
|
| 040 |
|
|
|a SNKBUCL
|b slo
|c SNKBUCL
|e AACR2
|
| 041 |
0 |
|
|a slo
|
| 044 |
|
|
|a xo
|c SK
|
| 100 |
1 |
|
|a Kerný, Dušan,
|d 1941-
|4 aut
|9 109131
|
| 245 |
1 |
0 |
|a Nový svetový poriadok po dvadsaťročí
|c Dušan Kerný
|
| 650 |
0 |
7 |
|a medzinárodná politika
|2 SNKPH
|9 4293
|
| 655 |
|
7 |
|a úvodníky
|2 SNKPH
|9 605326
|
| 655 |
|
7 |
|a úvahy
|2 SNKPH
|9 29403
|
| 655 |
|
7 |
|a články z novín a časopisov
|2 SNKPH
|9 267496
|
| 773 |
0 |
|
|t Slovenské pohľady
|g Roč. IV.+129, č. 6 (2013), s. 1-6
|
| 852 |
|
|
|a Slovenská národná knižnica
|
| 954 |
|
|
|a beletria pôvodná (slovenská)
|2 lita
|
| 954 |
|
|
|a odborná, vedecká literatúra pôvodná (slovenská)
|2 lita
|
| 999 |
|
|
|c 2094913
|d 2096843
|